Santiago García Sáenz / (Record no. 1304)

MARC details
000 -LEADER
campo de control de longitud fija 00570nam a22001817a 4500
008 - DATOS DE LONGITUD FIJA--INFORMACIÓN GENERAL
campo de control de longitud fija 170930s2016 ag||||| |||| 00| 0 spa d
082 04 - NÚMERO DE LA CLASIFICACIÓN DECIMAL DEWEY
Número de clasificación 759.982
Número de ítem L724s
100 1# - ENTRADA PRINCIPAL--NOMBRE DE PERSONA
Nombre de persona Lightowler, María.
9 (RLIN) 6009
245 10 - MENCIÓN DEL TÍTULO
Título Santiago García Sáenz /
Mención de responsabilidad, etc. María Lightowler.
250 ## - MENCION DE EDICION
Mención de edición 1a edición.
260 ## - PUBLICACIÓN, DISTRIBUCIÓN, ETC.
Lugar de publicación, distribución, etc. Argentina :
Nombre del editor, distribuidor, etc. Lluvia Oficina de CUraduría y Museología,
Fecha de publicación, distribución, etc. [2016].
300 ## - DESCRIPCIÓN FÍSICA
Extensión 40 páginas :
Otras características físicas ilustraciones en color.
653 10 - TÉRMINO DE INDIZACIÓN--NO CONTROLADO
Término no controlado Arte contemporáneo
653 10 - TÉRMINO DE INDIZACIÓN--NO CONTROLADO
Término no controlado Arte - Argentina
653 10 - TÉRMINO DE INDIZACIÓN--NO CONTROLADO
Término no controlado Pintura
653 10 - TÉRMINO DE INDIZACIÓN--NO CONTROLADO
Término no controlado Pintores
653 10 - TÉRMINO DE INDIZACIÓN--NO CONTROLADO
Término no controlado Biografías artísticas
Holdings
Estatus retirado Estado de pérdida Fuente del sistema de clasificación o colocación Estado de daño No para préstamo Biblioteca de origen Biblioteca actual Ubicación en estantería Fecha de adquisición Total de préstamos Signatura topográfica completa Código de barras Visto por última vez Precio de reemplazo Tipo de ítem Koha
    Clasificación Decimal Dewey     Biblioteca LadoV Biblioteca LadoV   30/09/2017   759.982 L724s 004441 30/09/2017 30/09/2017 Material 01